ATP Top 50 - Statistiques

Statistiques générales
  • Ce quiz a été pris 320 fois
    3 depuis la dernière actualisation
  • Le résultat moyen est 32 sur 50
Statistiques - réponses
Rank Nationality Réponse % Correct
3 Allemagne Alexander Zverev
100%
28 France Arthur Fils
100%
9 USA Ben Shelton
100%
24 Royaume-Uni Cameron Norrie
100%
1 Espagne Carlos Alcaraz
100%
12 Norvège Casper Ruud
100%
32 France Corentin Moutet
100%
2 Italie Jannick Sinner
100%
4 Serbie Novak Djokovic
100%
43 France Adrian Mannarino
67%
39 Chili Alejandro Tabilo
67%
11 Kazakhstan Alexander Bublik
67%
6 Australie Alex De Minaur
67%
45 Australie Alexei Popyrin
67%
35 USA Alex Michelsen
67%
16 Russie Andrey Rublev
67%
27 France Arthur Rinderknech
67%
10 Russie Daniil Medvedev
67%
47 Hongrie Fabian Marozsan
67%
7 Canada Felix Auger Aliassime
67%
18 USA Frances Tiafoe
67%
20 Argentine Francisco Cerundolo
67%
36 Canada Gabriel Diallo
67%
29 Danemark Holger Rune
67%
25 Royaume-Uni Jack Draper
67%
26 République Tchèque Jakub Mensik
67%
40 Brésil Joao Fonseca
67%
15 Russie Karen Khachanov
67%
5 Italie Lorenzo Musetti
67%
48 Portugal Nuno Borges
67%
50 Argentine Sebastian Baez
67%
42 USA Sebastian Korda
67%
49 Grèce Stefanos Tsitsipas
67%
30 Pays-Bas Tallon Griekspoor
67%
8 USA Taylor Fritz
67%
21 USA Tommy Paul
67%
34 France Ugo Humbert
67%
23 Monaco Valentin Vacherot
67%
46 Belgique Zizou Bergs
67%
17 Espagne Alejandro Davidovich Fokina
33%
33 USA Brandon Nakashima
33%
38 Canada Denis Shapovalov
33%
13 Italie Flavio Cobolli
33%
37 Espagne Jaime Munar
33%
41 USA Jenson Brooksby
33%
14 République Tchèque Jiri Lehecka
33%
19 Italie Luciano Darderi
33%
44 France Terence Atmane
33%
31 Argentine Tomas Martin Etcheverry
33%
22 USA Learner Tien
0%
Aucun quiz correspondant
Distribution des résultats
% des personnes avec chaque résultat
Percentile par nombre de réponses
Votre historique - résultats
Vous n’avez pas pris ce quiz depuis la dernière actualisation